International Mediation Interaction : Synergy, Conflict, Effectiveness /

Sábháilte in:
Sonraí bibleagrafaíochta
Príomhchruthaitheoir: Tobias Böhmelt (autor)
Formáid: LEABHAR
Teanga:Béarla
Foilsithe / Cruthaithe: Wiesbaden, Alemania : Springer VS, 2011, c2011
Rochtain ar líne:Ver documento en línea
Clibeanna: Cuir clib leis
Níl clibeanna ann, Bí ar an gcéad duine le clib a chur leis an taifead seo!

MARC

LEADER 00000nam^a22000000a04500
001 000612969
009 20260512124328.266
020 |a 978-3-531-92812-8 
037 |a Acervo ITESO - Biblioteca 
041 |a ING 
082 |a Libro en línea 
100 |a Tobias Böhmelt  |e (autor) 
245 |a International Mediation Interaction :  |b Synergy, Conflict, Effectiveness / 
264 4 |a Wiesbaden, Alemania :  |b Springer VS,  |c 2011, c2011 
264 2 |a Cham, Suiza :  |b Springer Link [distribución],  |c 2025 
300 |a 1 libro electrónico en línea (145 p.) 
300 |a 1 recurso en línea 
336 |a datos para computadora  |b cod  |2 rdacontenido 
337 |a computadora  |b c  |2 rdamedio 
338 |a recurso en línea  |b cr  |2 rdasoporte 
506 0 |a Licencias ilimitadas 
567 |a Catalogación rápida 
649 |a XX 
856 4 0 |u https://link-springer-com.ezproxy.iteso.mx/10.1007/978-3-531-92812-8  |y Ver documento en línea 
910 |a Fondo General 
920 |a Electrónicos - Libros en Línea 
930 |a Plataforma Digital 
905 |a 205 
902 |a https://opac.biblio.iteso.mx/vufind/Record/000612969